| 000 | 00498nam a2200157 4500 | ||
|---|---|---|---|
| 008 | 0 1993 0z 000 0ARG | ||
| 020 | _a0-201-623536 | ||
| 050 | _aQA76.7 M385 | ||
| 082 | _a001.64 M334d | ||
| 100 | _aMartînez Sânchez, Victoriano Angel | ||
| 245 | _aDesarrollo y programacîon de sistemas digitales / Martînez Sânchez, Victoriano A. | ||
| 260 | _aArgentina : Addison-Wesley | ||
| 300 | _a450 p. / 23.2 cm. | ||
| 500 | _aIncluye Indice | ||
| 650 | _a1.MICROPROCESADORES | ||
| 999 |
_c13252 _d13252 |
||